THE DESIGNING FOR GROWTH FIELD BOOK (Record no. 33207)

MARC details
000 -LEADER
fixed length control field 00335nam a22001457a 4500
003 - CONTROL NUMBER IDENTIFIER
control field SGT
020 ## - INTERNATIONAL STANDARD BOOK NUMBER
International Standard Book Number 978-0-231-18789-3
082 ## - DEWEY DECIMAL CLASSIFICATION NUMBER
Classification number 747
Item number LIE
100 ## - MAIN ENTRY--PERSONAL NAME
Personal name LIEDTKA, JEANNE
245 ## - TITLE STATEMENT
Title THE DESIGNING FOR GROWTH FIELD BOOK
260 ## - PUBLICATION, DISTRIBUTION, ETC. (IMPRINT)
Place of publication, distribution, etc USA
Name of publisher, distributor, etc COLUMBIA B.S. PUB.
Year of Publication 2019
300 ## - PAGE DESCRIPTION
No. of Pages 140
650 ## - SUBJECT ADDED ENTRY--TOPICAL TERM
Topical term or geographic name as entry element DESIGNING
942 ## - ADDED ENTRY ELEMENTS (KOHA)
Source of classification or shelving scheme Dewey Decimal Classification
Koha item type Books
Holdings
Withdrawn status Lost status Source of classification or shelving scheme Damaged status Not for loan Home library Current library Shelving location Date acquired Vendor Name SGTU Bill Number Total Checkouts Full call number Accession No. (Barcode) Date last seen Bill Date Koha item type
    Dewey Decimal Classification   Not For Loan SGT Science & Social Sciences Library SGT Science & Social Sciences Library Reference Book 18/11/2025 BIRJWASI SGTU BW/000232   747 LIE FF858 18/11/2025 06/10/2025 Books